header

Explaining inequalities in school achievement (Record no. 204849)

MARC details
000 -LEADER
fixed length control field 01327nam a2200337Ia 4500
082 04 - DEWEY DECIMAL CLASSIFICATION NUMBER
Classification number 302.43
100 1# - MAIN ENTRY--AUTHOR NAME
Personal name Nash, Roy,
245 10 - TITLE STATEMENT
Title Explaining inequalities in school achievement
260 ## - PUBLICATION, DISTRIBUTION, ETC. (IMPRINT)
Place of publication Burlington, VT :
Name of publisher Ashgate,
Year of publication 2010.
300 ## - PHYSICAL DESCRIPTION
Number of Pages xvi, 265 p. :
Other physical details ill.
650 #0 - SUBJECT ADDED ENTRY--TOPICAL TERM
Topical Term Educational equalization.
Topical Term Academic achievement.
Topical Term Educational sociology.
700 1# - ADDED ENTRY--PERSONAL NAME
Personal name Lauder, Hugh.
856 40 - ELECTRONIC LOCATION AND ACCESS
Uniform Resource Identifier http://site.ebrary.com/lib/rucke/Doc?id=10385849

No items available.

© 2026 Rongo University
Contact us: librarian | system librarian | Rongo university